| 000 | 00457nam a2200157Ia 4500 | ||
|---|---|---|---|
| 008 | 240729s9999 xx 000 0 und d | ||
| 022 | _a1996-9465 | ||
| 245 | 0 | _aDrinking Water Engineering and Science | |
| 260 | _aGermany | ||
| 260 | _bCopernicus Publications | ||
| 650 | _a Environmental technology. Sanitary engineering | ||
| 650 | _aTechnology | ||
| 856 | _uhttps://doaj.org/toc/157815e5eab541cbaf2757b8c82b14fb | ||
| 942 | _2ddc | ||
| 942 | _cDOAJEJ | ||
| 999 |
_c65945 _d65945 |
||
| 945 |
_a1 _bMadushi Gamage _c1 _dMadushi Gamage |
||